Batman Villains - Statistics

General Stats
  • This quiz has been taken 38 times
  • The average score is 20 of 35
Answer Stats
Hint Answer % Correct
Edward Nigma The Riddler
100%
Selina Kyle Catwoman
97%
Jack Napier The Joker
97%
Oswald Cobblepott The Penguin
97%
Harvey Dent Two-Face
97%
Harleen Quinzel Harley Quinn
93%
Pamela Isley Poison Ivy
93%
Victor Fries Mr. Freeze
90%
Jonathan Crane Scarecrow
90%
Unknown Bane
83%
Waylon Jones Killer Croc
83%
Slade Wilson Deathstroke
76%
Kirk Langstrom Man Bat
76%
Floyd Lawton Deadshot
69%
Roman Sionis Black Mask
66%
Jervis Tetch Mad Hatter
66%
League of Assassins Ra's Al Ghūl
66%
Matt Hagan Clayface
62%
Garfield Lynns Firefly
62%
Julian Day Calendar Man
59%
Victor Zsasz Zsasz
52%
Thomas Elliott Hush
48%
Mitchell Mayo Condiment King
45%
Lazlo Valentin Professor Pyg
38%
Arnold Wesker Ventriloquist
31%
Anatoli Knyazev KGBeast
21%
Maximillian Zeus Maxie Zeus
21%
Lonnie Machin Anarky
17%
Lester Buchinsky Electrocutioner
17%
Otis Flannegan Ratcatcher
17%
William Cobb Talon
17%
Michael Lane Azrael
14%
Eric Needham Black Spider
7%
Mark Desmond Blockbuster
7%
Peter Merkel Rag Doll
7%
No matching quizzes found
Score Distribution
Percent of People with Each Score
Percentile by Number Answered
Your Score History
You have not taken this quiz